| 000 | 00518nam a2200205Ia 4500 | ||
|---|---|---|---|
| 003 | OSt | ||
| 005 | 20250210170917.0 | ||
| 008 | 231217s9999 xx 000 0 und d | ||
| 020 | _a9788122420678 | ||
| 040 | _c0 | ||
| 041 | _aEnglish | ||
| 082 | _a001.64 PAH;1 R | ||
| 100 | _aPahuja, Sanjay. | ||
| 245 | 0 | _aPracticle approach to data structures and algorithms | |
| 250 | _a1st ed | ||
| 260 |
_c2007 _bNew age international Pvt Ltd. _aNew Delhi |
||
| 300 | _ax, 558 | ||
| 300 | _cCD6313 | ||
| 942 |
_cAA _2ddc |
||
| 999 |
_c196286 _d196286 |
||